| 000 | 00396nam a22001457a 4500 | ||
|---|---|---|---|
| 005 | 20150216153524.0 | ||
| 008 | 150216b xxu||||| |||| 00| 0 eng d | ||
| 022 | _a0975-9948 | ||
| 040 | _adpl | ||
| 245 | _aCorporate professionals today | ||
| 260 |
_aNew Delhi _bTaxmann Allied Services |
||
| 300 |
_av. _c26cm |
||
| 270 |
_a59/32,Ne Rohtak Road, _bNew Delhi _dIndia _e110005 |
||
| 942 |
_2ddc _cSR _s1 |
||
| 999 |
_c91431 _d91431 |
||